Introducción a la economía (Registro nro. 8465)
[ vista simple ]
| 000 -Cabecera | |
|---|---|
| Campo de control de longitud fija | 00913nam a22003617a 4500 |
| 005 - Fecha y hora de la última transacción | |
| Campo de control | 20250701174026.0 |
| 008 - Elementos de longitud fija--Información general | |
| Campo de control de longitud fija | 161003b2013 xxu||||| |||| 00| 0 spa d |
| 020 ## - International Standard Book Number | |
| Número Internacional Estándar del Libro (ISBN) | 97884415552451 |
| 041 ## - Idioma | |
| Código de idioma | Español |
| 082 ## - Clasificación Decimal Dewey | |
| Número de clasificación | 330 P247i |
| 100 ## - Entrada principal--Autor personal | |
| Nombre personal | Parkin, Michael |
| 9 (RLIN) | 16684 |
| 100 ## - Entrada principal--Autor personal | |
| Nombre personal | Powell, Melanie |
| 9 (RLIN) | 24356 |
| 100 ## - Entrada principal--Autor personal | |
| Nombre personal | Matthews, Kent |
| 9 (RLIN) | 24357 |
| 245 ## - Título propiamente dicho | |
| Título | Introducción a la economía |
| 260 ## - Pie de imprenta | |
| Lugar de publicación, distribución, etc. | España |
| Nombre del editor, distribuidor, etc. | Pearson |
| Fecha de publicación, distribución, etc. | 2013 |
| 300 ## - Descripción física | |
| Extensión | 496 páginas |
| 490 ## - Serie | |
| Título de la Serie | Dirección y Administración de Empresas |
| 650 ## - Materia general | |
| Temática (materia general) | ECONOMÍA |
| 650 ## - Materia general | |
| Temática (materia general) | MERCADOS |
| 650 ## - Materia general | |
| Temática (materia general) | OFERTA Y DEMANDA |
| 650 ## - Materia general | |
| Temática (materia general) | ACCIONES |
| 650 ## - Materia general | |
| Temática (materia general) | PIB |
| 650 ## - Materia general | |
| Temática (materia general) | MONOPOLIO |
| 650 ## - Materia general | |
| Temática (materia general) | COMPETENCIA |
| 650 ## - Materia general | |
| Temática (materia general) | MERCADOS FINACIEROS |
| 650 ## - Materia general | |
| Temática (materia general) | INFLACIÓN |
| 650 ## - Materia general | |
| Temática (materia general) | POLÍTICA FISCAL |
| 650 ## - Materia general | |
| Temática (materia general) | MERCADOS COMPETITIVOS |
| 650 ## - Materia general | |
| Temática (materia general) | DINERO |
| 650 ## - Materia general | |
| Temática (materia general) | BANCOS |
| 650 ## - Materia general | |
| Temática (materia general) | PRODUCCIÓN |
| 942 ## - Punto de acceso adicional KOHA | |
| Tipo de ítem KOHA | Libro |
| Fuente del sistema de clasificación o colocación | Dewey Decimal Classification |
| Signatura completa | Código de barras | Programa Académico | Tipo de ítem |
|---|---|---|---|
| 330 P247i | 21402 | Dirección y Administración de Empresas | Libro |